000 00730nam a2200289Ia 4500
005 20260324145227.0
008 008 260324s9999 xx 000 0 eng d
020 _a9781003396635
037 _aEBOOK
040 _aCRL
040 _beng
040 _cCRL
041 _2eng
041 _aeng
084 _qCRL
100 _aCarol Wolkowitz; Roslyn McCullagh; Kate Young
_91222212
245 0 _aOf Marriage and the Market
245 0 _bWomen's Subordination Internationally and its Lessons
260 _bTaylor and Francis
260 _c1984
365 _a
365 _b160
856 _uhttp://www.taylorfrancis.com/books/9781003396635
942 _cEBOOK
999 _c1829829
_d1829829